| 000 | 01441nam a2200361 a 4500 | ||
|---|---|---|---|
| 001 | 000048283 | ||
| 003 | DO-SdBNP | ||
| 005 | 20240409093910.0 | ||
| 008 | 181212s2009 dr a r 000 0 spa d | ||
| 020 | _a9789945020731 (v.1) | ||
| 020 | _a9789945020748 (v.2) | ||
| 020 | _a9789945020755(v.3) | ||
| 040 |
_aDO-SdBNP _bspa _cBPMSU |
||
| 082 | 4 |
_aRD868.3 _bC352e 2009 _222 |
|
| 100 | 1 |
_aCastillo, Rafael Justino, _d1861-1933 |
|
| 245 | 1 | 0 |
_aEscritos reunidos / _cRafael J. Castillo; editor Andrés Blanco Díaz. _b |
| 260 |
_aSanto Domingo : _bArchivo General de la Nación, _c2009. |
||
| 300 |
_a3 v. . ; _c23 cm. _b |
||
| 490 | 0 |
_aArchivo General de la Nación, _v97-99 |
|
| 500 | _aIncluye referencias bibliográficas y notas al pie de las páginas | ||
| 500 | _aIncluye índice onomástico | ||
| 505 | 4 | _a 1. Ensayos, 1887-1907 - 2. Ensayos, 1908-1932 - 3. Artículos, 1888-1931. | |
| 590 | _aInventariado, 2021/VM | ||
| 600 | 1 | 4 |
_aCastillo, Rafael Justino, _d1861-1933 _vColecciones de escritos |
| 650 | 4 | _aEnsayos dominicanos | |
| 651 | 4 |
_aRepública Dominicana _xHistoria _y1887-1907 |
|
| 651 | 4 |
_aRepública Dominicana _xHistoria _y1908-1932 |
|
| 651 | 4 |
_aRepública Dominicana _xHistoria _vEnsayos, conferencias, etc. _y1888-1931 |
|
| 700 | 1 |
_aBlanco Díaz, Andrés _eed. |
|
| 710 | 2 | _aArchivo General de la Nación (República Dominicana) | |
| 910 | _a VMateo V. Control de calidad. BPMSU | ||
| 942 |
_2ddc _cBK |
||
| 999 |
_c13826 _d13826 |
||